Agricultural production economics and resource-use / (Record no. 21505)

MARC details
000 -LEADER
fixed length control field 00797nam a2200253 i 4500
001 - CONTROL NUMBER
control field 2239039
003 - CONTROL NUMBER IDENTIFIER
control field OSt
005 - DATE AND TIME OF LATEST TRANSACTION
control field 20211206122420.0
008 - FIXED-LENGTH DATA ELEMENTS--GENERAL INFORMATION
fixed length control field 760910s1976 enka b 001 0 eng
010 ## - LIBRARY OF CONGRESS CONTROL NUMBER
LC control number 76368481
015 ## - NATIONAL BIBLIOGRAPHY NUMBER
National bibliography number GB***
020 ## - INTERNATIONAL STANDARD BOOK NUMBER
International Standard Book Number 0198594526 :
Terms of availability $23.00 (U.S.)
International Standard Book Number 0198594593
040 ## - CATALOGING SOURCE
Original cataloging agency DLC
Transcribing agency HU
Modifying agency DLC
050 00 - LIBRARY OF CONGRESS CALL NUMBER
Classification number HD1415
Item number .U67 1976
082 00 - DEWEY DECIMAL CLASSIFICATION NUMBER
Classification number 338.1UPT1976
100 1# - MAIN ENTRY--PERSONAL NAME
Personal name Upton, M.
9 (RLIN) 21814
245 10 - TITLE STATEMENT
Title Agricultural production economics and resource-use /
Statement of responsibility, etc. by Martin Upton.
260 ## - PUBLICATION, DISTRIBUTION, ETC.
Place of publication, distribution, etc. London ;
-- New York :
Name of publisher, distributor, etc. Oxford University Press,
Date of publication, distribution, etc. 1976.
300 ## - PHYSICAL DESCRIPTION
Extent x, 357 p. :
Other physical details ill. ;
Dimensions 22 cm.
504 ## - BIBLIOGRAPHY, ETC. NOTE
Bibliography, etc. note Includes bibliographies and index.
650 #0 - SUBJECT ADDED ENTRY--TOPICAL TERM
Topical term or geographic name entry element Agriculture
General subdivision Economic aspects.
9 (RLIN) 7748
906 ## - LOCAL DATA ELEMENT F, LDF (RLIN)
a 7
b cbc
c orignew
d u
e ncip
f 19
g y-gencatlg
942 ## - ADDED ENTRY ELEMENTS (KOHA)
Source of classification or shelving scheme Dewey Decimal Classification
Koha item type Books like text book referance book
Suppress in OPAC No
Holdings
Withdrawn status Lost status Source of classification or shelving scheme Damaged status Not for loan Collection code Home library Current library Shelving location Date acquired Total Checkouts Full call number Barcode Date last seen Copy number Price effective from Koha item type
    Dewey Decimal Classification     Reference Wondo Genet Library Wondo Genet Library General Stacks 12/06/2021   338.1UPT1976 WGCFNRL00007102 12/06/2021 1 12/06/2021 Books like text book referance book
    Dewey Decimal Classification     Reference Wondo Genet Library Wondo Genet Library General Stacks 12/06/2021   338.1UPT1976 WGCFNRL00007103 12/06/2021 2 12/06/2021 Books like text book referance book